000
00279nam a22001217a 4500
999
_c
15310
_d
15310
082
_a
631.47
_b
SOI/SO
100
_a
SOIL SURVEY STAFF
_9
2961
245
_a
Soil survey manual
250
_a
1
260
_a
New Delhi
_b
Oxford & IBH Publishing Co.
_c
1966
300
_a
503
942
_c
BK